Poverty question: Search for solutions (Record no. 113404)

MARC details
000 -LEADER
fixed length control field 00366nam a2200145Ia 4500
008 - FIXED-LENGTH DATA ELEMENTS--GENERAL INFORMATION
fixed length control field 230917s9999||||xx |||||||||||||| ||und||
040 ## - CATALOGING SOURCE
-- 88037
Original cataloging agency VIVEKANANDA LIBRARY
041 ## - Language
-- English
082 ## - DDC NUMBER
Classification number 301.441 A14P
100 ## - MAIN ENTRY--PERSONAL NAME
Personal name Atal, Yogesh
245 #0 - TITLE STATEMENT
Title Poverty question: Search for solutions
260 ## - PUBLICATION, DISTRIBUTION, ETC. (IMPRINT)
Place of publication, distribution, etc Jaipur
Name of publisher, distributor, etc Rawat Publications
Date of publication, distribution, etc 2002
300 ## - PHYSICAL DESCRIPTION
Pages 184 p.
942 ## - ADDED ENTRY ELEMENTS (KOHA)
Koha item type Books
Holdings
Withdrawn status Lost status Damaged status Not for loan Location (home branch) Sublocation or collection (holding branch) Date acquired Koha issues (times borrowed) Koha full call number Accession No. Koha date last seen Koha item type
        VIVEKANANDA LIBRARY VIVEKANANDA LIBRARY 21/04/2003   301.441 A14P 202397 17/09/2023 Books
        VIVEKANANDA LIBRARY VIVEKANANDA LIBRARY 21/04/2003   301.441 A14P 203071 17/09/2023 Books
        VIVEKANANDA LIBRARY VIVEKANANDA LIBRARY 21/04/2003   301.441 A14P 204093 17/09/2023 Books
        VIVEKANANDA LIBRARY VIVEKANANDA LIBRARY 21/04/2003   301.441 A14P 225114 17/09/2023 Books
        VIVEKANANDA LIBRARY VIVEKANANDA LIBRARY 21/04/2003   301.441 A14P 236856 17/09/2023 Books
© Designed and Maintained by Vivekananda Library, MDU Rohtak